00536nam a22001697a 450000500170000001000150001702000250003203500130005703700130007008200110008310000420009424500910013626000380022727000600026530000200032570000210034520100813135747.0 aENG-100278 a9788179662298c80.00 aEN-83810 bDBAD/PUB a306.85 aKen  aThe Happy family :bhow to make family life enjoyable /cby Ken [and] Elizabeth Mellor aChennaibEmerald Publishersc2008 a15A First Floor Case Major Road EgmorebChennaie600008 a116pc21cm(pbk) aMellor,Elizabeth